书目信息 |
| 题名: |
城市规划与城市多样性
|
|
| 作者: | 芬彻 , 艾夫森 著 ;叶齐茂 , 倪晓晖 译 | |
| 分册: | ||
| 出版信息: | 北京 中国建筑工业出版社 2012 |
|
| 页数: | 218页 | |
| 开本: | 21cm | |
| 丛书名: | 规划·环境·城市丛书 | |
| 单 册: | ||
| 中图分类: | TU984 | |
| 科图分类: | ||
| 主题词: | 城市规划--cheng shi gui hua | |
| 电子资源: | ||
| ISBN: | 978-7-112-14359-7 | |
| 000 | 01265nam 2200313 450 | |
| 001 | 0100004227 | |
| 005 | 20180426084654.16 | |
| 010 | @a978-7-112-14359-7@dCNY26.00 | |
| 100 | @a20121016d2012 em y0chiy50 ea | |
| 101 | 1 | @achi@ceng |
| 102 | @aCN@b110000 | |
| 105 | @ay a 000yy | |
| 200 | 1 | @a城市规划与城市多样性@Acheng shi gui hua yu cheng shi duo yang xing@d= Planning and diversity in the city@f(英) 露丝·芬彻, 库尔特·艾夫森著@g叶齐茂, 倪晓晖译@zeng |
| 210 | @a北京@c中国建筑工业出版社@d2012 | |
| 215 | @a218页@d21cm | |
| 225 | 2 | @a规划·环境·城市丛书@Agui hua · huan jing · cheng shi cong shu |
| 314 | @a责任者Fincher规范汉译姓: 芬彻 | |
| 320 | @a有书目 (第205-218页) | |
| 330 | @a本书共分八章, 主要内容包括: 引言 ; 规划中的重新分配概念 ; 实践中的重新分配规划 ; 规划中的认同概念 ; 实践中的认同规划 ; 规划中的邂逅概念等。 | |
| 410 | 0 | @12001 @a规划·环境·城市丛书 |
| 500 | 10 | @aPlanning and diversity in the city@mChinese |
| 606 | 0 | @a城市规划@Acheng shi gui hua |
| 690 | @aTU984@v5 | |
| 701 | 1 | @a芬彻@Afen che@g(Fincher, Ruth)@4著 |
| 701 | 1 | @a艾夫森@Aai fu sen@g(Iveson, Kurt)@4著 |
| 702 | 0 | @a叶齐茂@Aye qi mao@4译 |
| 702 | 0 | @a倪晓晖@Ani xiao hui@4译 |
| 801 | 0 | @aCN@c20150822 |
| 905 | @a河南城建学院图书馆@dTU984@eF393 | |
| 城市规划与城市多样性= Planning and diversity in the city/(英) 露丝·芬彻, 库尔特·艾夫森著/叶齐茂, 倪晓晖译.-北京:中国建筑工业出版社,2012 |
| 218页;21cm.-(规划·环境·城市丛书) |
| ISBN 978-7-112-14359-7:CNY26.00 |
| 本书共分八章, 主要内容包括: 引言 ; 规划中的重新分配概念 ; 实践中的重新分配规划 ; 规划中的认同概念 ; 实践中的认同规划 ; 规划中的邂逅概念等。 |
| ● |
| 相关链接 |
|
|
|
正题名:城市规划与城市多样性
索取号:TU984/F393
 
预约/预借
| 序号 | 登录号 | 条形码 | 馆藏地/架位号 | 状态 | 备注 |
| 1 | 1175227 | 211752272 | 建筑库201/201建筑库 90排2列1层/ [索取号:TU984/F393] | 在馆 | |
| 2 | 1175228 | 211752281 | 建筑库201/201建筑库 90排2列1层/ [索取号:TU984/F393] | 在馆 | |
| 3 | 1175229 | 211752290 | 建筑库201/201建筑库 90排2列1层/ [索取号:TU984/F393] | 在馆 | |
| 4 | 1299299 | 212992993 | 建筑与城市规划学院资料室/ [索取号:TU984/F393] | 在馆 |